Biodiversity Study In Ratanmalals Wild Life Sanctury (Record no. 603321)

MARC details
000 -LEADER
fixed length control field 00486nam a2200157Ia 4500
008 - FIXED-LENGTH DATA ELEMENTS--GENERAL INFORMATION
fixed length control field 100415s9999 xx 000 0 und d
082 ## - DEWEY DECIMAL CLASSIFICATION NUMBER
Item number 20424
Classification number 574.5
100 ## - MAIN ENTRY--PERSONAL NAME
Personal name Singh,H.S
245 ## - TITLE STATEMENT
Title Biodiversity Study In Ratanmalals Wild Life Sanctury
260 ## - PUBLICATION, DISTRIBUTION, ETC. (IMPRINT)
Place of publication, distribution, etc GANDHINAGAR
Date of publication, distribution, etc 2002
Name of publisher, distributor, etc GEER FOUNDATION
365 ## - TRADE PRICE
Price amount 0
530 ## - ADDITIONAL PHYSICAL FORM AVAILABLE NOTE
Availability source Donated
630 ## - SUBJECT ADDED ENTRY--UNIFORM TITLE
Uniform title Biodiversity Study In Ratanmalals Wild Life Sanctury
730 ## - ADDED ENTRY--UNIFORM TITLE
Uniform title Biodiversity Study In Ratanmalals Wild Life Sanctury
942 ## - ADDED ENTRY ELEMENTS (KOHA)
Koha item type Book
Holdings
Withdrawn status Lost status Damaged status Not for loan Home library Current library Date acquired Cost, normal purchase price Total Checkouts Full call number Barcode Date last seen Price effective from Koha item type
        Bombay Natural History Society Bombay Natural History Society 05/23/2002 0.00   574.5 20424 BNHS-20424 04/15/2010 04/15/2010 Book